Kriminalität in der Bundesrepublik Deutschland - Ein Zerrbild der Statistik? - Replik auf provokante Thesen -

Saved in:  
Bibliographic Details
Corporate Author: Ständige Arbeitsgruppe Polizeil.Kriminalstatistik des BDK (Other)
Format: Print Article
Language:German
Published: 1995
In: Der Kriminalist
Year: 1995, Volume: 27, Issue: 2, Pages: 77-83
Check availability: HBZ Gateway
Keywords:

MARC

LEADER 00000caa a22000002c 4500
001 1639174885
003 DE-627
005 20220608124308.0
007 tu
008 160223s1995 xx ||||| 00| ||ger c
035 |a (DE-627)1639174885 
035 |a (DE-576)45579006X 
035 |a (DE-599)BSZ45579006X 
040 |a DE-627  |b ger  |c DE-627  |e rakwb 
041 |a ger 
245 0 0 |a Kriminalität in der Bundesrepublik Deutschland - Ein Zerrbild der Statistik? - Replik auf provokante Thesen - 
264 1 |c 1995 
336 |a Text  |b txt  |2 rdacontent 
337 |a ohne Hilfsmittel zu benutzen  |b n  |2 rdamedia 
338 |a Band  |b nc  |2 rdacarrier 
710 2 |a Ständige Arbeitsgruppe Polizeil.Kriminalstatistik des BDK  |4 oth 
773 0 8 |i In  |t Der Kriminalist  |d Berlin : DBB-Verl., 1969  |g 27(1995), 2, Seite 77-83  |w (DE-627)167524194  |w (DE-600)539407-7  |w (DE-576)015770524  |x 0722-3501  |7 nnas 
773 1 8 |g volume:27  |g year:1995  |g number:2  |g pages:77-83 
935 |a mkri 
951 |a AR 
ELC |b 1 
LOK |0 000 xxxxxcx a22 zn 4500 
LOK |0 001 3299507265 
LOK |0 003 DE-627 
LOK |0 004 1639174885 
LOK |0 005 20250312111744 
LOK |0 008 160208||||||||||||||||ger||||||| 
LOK |0 040   |a DE-21-110  |c DE-627  |d DE-21-110 
LOK |0 689   |a s  |a Polizeiliche Kriminalstatistik 
LOK |0 689   |a g  |a Deutschland 
LOK |0 689   |a s  |a Kriminalität 
LOK |0 852   |a DE-21-110 
LOK |0 852 1  |m p  |9 00 
LOK |0 935   |a k110 
LOK |0 938   |k p 
LOK |0 939   |a 08-02-16  |b l01 
ORI |a SA-MARC-krimdoka001.raw